000 00319nam a22001457a 4500
003 OSt
005 20220221110700.0
008 220221b |||||||| |||| 00| 0 eng d
020 _a9789383284566
040 _cHU
082 _a667.2
100 _aPrasad
_924709
245 _aTextile Coloration
942 _2ddc
_cBOOKS
_n0
999 _c30994
_d30994